[Event "RUS Rapid GP Top 16 2018"]
[Site "Khanty-Mansiysk"]
[Date "2018.12.02"]
[Round "7"]
[White "Sarana, Alexey"]
[Black "Maletina, Tatiana"]
[Result "1-0"]
[WhiteElo "2617"]
[BlackElo "2239"]
[Annotator "TA"]
[PlyCount "107"]
[EventDate "2018.12.01"]
[EventType "swiss"]
[EventCountry "RUS"]
[SourceTitle "playchess.com"]
[Source "ChessBase"]
[SourceQuality "1"]

{[%evp 18,107,0,0,0,0,0,0,1,0,0,2,76,33,36,0,4,0,0,0,-4,-29,-41,-59,-38,-48,0,-15,-16,-31,0,-84,0,-48,-43,-38,0,-63,0,-80,0,-37,26,14,145,146,157,6,15,-101,-101,-101,-101,-110,-115,-116,-83,-82,0,0,0,0,0,0,0,0,0,0,0,0,0,0,0,-134,-15,-21,0,-29,12836,12836,12837,12836,662,12,29985,29986,29986,29987,29987,29988,29988,29989]} 1. d4 d5 2. Nf3 Nf6 3. c4 c6 4. Nc3 a6 5. c5 Nbd7 6. Bf4 Nh5 7. Bd2 g6 8. g3 {D15: Slav Defence: 4 Nc3 a6 and gambit lines after 4 Nc3 dxc4} (8. e4 dxe4 9. Nxe4 Ndf6 10. Nxf6+ exf6 11. Bc4 Qe7+ 12. Be2 Be6 13. O-O Qd7 14. Re1 Ng7 15. Bc3 Be7 {½-½ (39) Kozionov,K (2456)-Volkov,S (2580) Voronezh 2018}) 8... Bg7 9. Bg2 O-O 10. O-O {LiveBook: 3 Games. The position is equal.} e5 11. dxe5 Nxe5 12. Nxe5 Bxe5 13. e4 dxe4 $1 14. Nxe4 Bxb2 $146 (14... Nf6 $11) 15. Rb1 $16 Be5 $1 16. Qb3 Be6 17. Qxb7 Bxa2 18. Rbd1 Bd5 19. Bh6 Qb8 20. Qd7 Rd8 21. Qh3 Qb4 22. Bg5 Re8 23. Rb1 $1 {[%cal Rb1b4]} Qa3 24. Qh4 (24. Qd7 $11) 24... Rac8 (24... Ng7 $17 25. Bc1 Qd3) 25. Bc1 Qd3 26. Bg5 Qa3 27. Bc1 Qd3 (27... Qa2 $15 28. Be3 a5) 28. Be3 (28. Bg5 $1 $11) 28... Rcd8 (28... Rb8 $1 $17 {[%cal Rb8b1]} 29. Rbd1 Qa3) 29. Bg5 Rd7 ({Black should play} 29... Rb8 $15 30. Rbd1 Qb3) 30. Rfe1 $11 Rc8 (30... Ng7 $11 {remains equal.}) 31. g4 $16 Ng7 {[#]} ({Wrong is} 31... Nf4 $2 32. Bxf4 Bxf4 33. Nf6+ Kg7 34. Nxd7 $18) 32. Bf6 $2 ({Better is} 32. Bf4 $1 $16 {[%cal Rf4e5]} Bc3 33. Red1) 32... Bxe4 $1 $11 33. Bxe4 (33. Bxe5 $11 {was the only way to keep the balance.} f5 34. Bxg7 Kxg7 35. gxf5 Bxf5 36. Re7+ Rxe7 37. Qxe7+ Kg8 38. Rb7 Qd1+ 39. Bf1 Qg4+ 40. Bg2 Qd1+ 41. Bf1 Qg4+ 42. Bg2 Qd1+) 33... Bxf6 $17 34. Qxf6 Qd4 35. g5 Ne6 36. Bxc6 {Rxe6 is the strong threat.} Rdc7 37. Bb7 Qg4+ (37... Rf8 $17 38. Qxd4 Nxd4) 38. Kh1 $11 Rb8 39. Bf3 Rxb1 40. Rxb1 Qc4 41. c6 {Strongly threatening Rb8+.} Rc8 42. Re1 a5 43. Qe5 a4 44. Bd5 $36 {[%mdl 2048] White fights for an advantage.} Qc5 {Threatening ...Rd8.} 45. Rd1 (45. Bxe6 $11 Qxe5 46. Rxe5 fxe6 47. Ra5) 45... Qc2 (45... Rxc6 $17 {Threatens to win with ...Rd6.} 46. Re1 Ra6 47. Qb8+ Qf8) 46. Ra1 Qc5 47. f4 Qf2 $2 {[%mdl 8192]} (47... Rd8 $11 48. c7 Qxc7 49. Qxc7 Nxc7) 48. Bxe6 $18 Re8 {[#]} 49. c7 $1 ({Stronger than} 49. Bxf7+ Kxf7 50. Qd6 Re2 $11) 49... fxe6 50. Qe4 $2 (50. Rb1 $18 {Threatening mate with Qxe6+!} Qf3+ 51. Kg1) 50... a3 $2 {[%mdl 8192]} (50... Qc5 $11) 51. c8=Q {[%mdl 64] Deflection, Decoy. White mates.} Rxc8 52. Qxe6+ {[%mdl 64] Double Attack} Kg7 53. Qd7+ Kf8 54. Qxc8+ {Accuracy: White = 52%, Black = 32%.} 1-0

[Event "RUS Rapid GP Top 16 2018"]
[Site "Khanty-Mansiysk"]
[Date "2018.12.02"]
[Round "7"]
[White "Kryakvin, Dmitry"]
[Black "Yudin, Sergei"]
[Result "1/2-1/2"]
[WhiteElo "2529"]
[BlackElo "2643"]
[Annotator "TA"]
[PlyCount "27"]
[EventDate "2018.12.01"]
[EventType "swiss"]
[EventCountry "RUS"]
[SourceTitle "playchess.com"]
[Source "ChessBase"]
[SourceQuality "1"]

{[%evp 11,27,0,5,0,0,-4,-8,4,5,0,0,0,0,0,0,8,2,0]} 1. g3 d5 2. Bg2 e6 3. Nf3 Nf6 4. d4 b5 5. O-O Bb7 6. Bg5 {A46: 1 d4 Nf6 2 Nf3 e6: Torre, London and Colle Systems} Nbd7 {LiveBook: 15 Games. The position is equal.} 7. e4 dxe4 8. Nfd2 h6 9. Bxf6 Nxf6 10. Qe2 a6 11. Nxe4 Nxe4 12. Bxe4 Bxe4 13. Qxe4 {next Qc6+ is good for White.} Qd5 {[#]} 14. Nd2 $146 1/2-1/2

[Event "RUS Rapid GP Top 16 2018"]
[Site "Khanty-Mansiysk"]
[Date "2018.12.02"]
[Round "8"]
[White "Kokarev, Dmitry"]
[Black "Pridorozhni, Aleksei"]
[Result "1-0"]
[WhiteElo "2698"]
[BlackElo "2631"]
[Annotator "TA"]
[PlyCount "109"]
[EventDate "2018.12.01"]
[EventType "swiss"]
[EventCountry "RUS"]
[SourceTitle "playchess.com"]
[Source "ChessBase"]
[SourceQuality "1"]

{[%evp 18,109,27,35,55,54,59,56,83,57,60,52,54,45,54,40,49,52,61,52,58,53,61,67,74,68,106,87,86,94,119,121,141,150,135,141,288,267,639,616,6291,6291,6049,5941,4030,4802,1307,623,581,626,626,0,0,0,625,614,550,580,559,485,480,480,473,466,452,446,425,333,444,430,453,448,512,499,545,545,587,577,618,617,597,620,715,683,882,961,933,932,835,653,909,909,1004,954]} 1. e4 c5 2. Nf3 d6 3. d4 cxd4 4. Nxd4 Nf6 5. f3 a6 6. c4 Nc6 7. Be3 e6 8. Nc3 Be7 9. Be2 O-O 10. O-O {LiveBook: 17 Games} Nxd4 {B54: Sicilian: 2...d6 3 d4 cxd4 4 Nxd4, Unusual Lines} (10... d5 11. cxd5 exd5 12. Nxc6 bxc6 13. exd5 Nxd5 14. Nxd5 cxd5 15. Bd4 a5 16. Rc1 Be6 17. Rc3 Bf6 18. Qd2 Bxd4+ 19. Qxd4 {½-½ (33) Rublevsky,S (2677)-Naiditsch,A (2663) Odessa 2007}) 11. Qxd4 Bd7 12. Rfd1 Qa5 {White is slightly better.} 13. a3 $146 ({Predecessor:} 13. Qd2 Kh8 14. a3 Bc6 {1-0 (47) Mrdja,M (2392)-Messing,H (2331) Zagreb 2010}) 13... Rfc8 14. b4 Qd8 15. Rac1 e5 16. Qd2 Qe8 17. Bg5 Be6 18. Nd5 Nxd5 19. exd5 Bd7 20. Bxe7 Qxe7 21. c5 a5 22. c6 $1 {[%cal Rc6b7]} bxc6 23. dxc6 Bxc6 24. Qxd6 Qe8 25. bxa5 e4 26. fxe4 g6 (26... Qxe4 $16 {was called for.} 27. Rxc6 Qxc6) 27. e5 $18 Rxa5 $2 (27... Be4 28. a6 Rxc1 29. Rxc1 Rd8) 28. Bg4 f5 {[#]} 29. exf6 $1 {[%mdl 64] Discovered Attack} Qe3+ 30. Kh1 {Threatening mate with Be6+.} Bxg2+ 31. Kxg2 Qe4+ 32. Bf3 Rg5+ 33. Kf2 Qh4+ 34. Kf1 $2 (34. Ke2 $18 Re8+ 35. Kd3) 34... Qh3+ $11 35. Kf2 {[%cal Bf1f2,Bf2e2,Be2d3][%mdl 32] Hoping for Rc7.} Qh4+ 36. Ke2 Re8+ 37. Kd3 {Qc7 would kill now.} Qh3 {[#]} 38. f7+ $1 {[%mdl 64] Decoy} Kxf7 39. Rc7+ Kg8 40. Qf6 {[%csl Gc7][%cal Rf6g7]} Qf5+ 41. Qxf5 Rxf5 42. Rf1 Ra5 43. Rc3 {White is clearly winning.} Kg7 44. Bc6 Rd8+ 45. Kc2 Rd6 46. a4 Rh5 47. Rf2 Re5 48. Bb5 h5 49. Kb3 Kh6 50. Kb4 Re1 51. Rc6 Rd4+ 52. Kc5 Rg4 53. Ra2 h4 54. a5 h3 55. Ra3 {Accuracy: White = 87%, Black = 28%.} 1-0

[Event "RUS Rapid GP Top 16 2018"]
[Site "Khanty-Mansiysk"]
[Date "2018.12.02"]
[Round "8"]
[White "Bocharov, Dmitry"]
[Black "Morozevich, Alexander"]
[Result "1-0"]
[WhiteElo "2684"]
[BlackElo "2696"]
[Annotator "TA"]
[PlyCount "113"]
[EventDate "2018.12.01"]
[EventType "swiss"]
[EventCountry "RUS"]
[SourceTitle "playchess.com"]
[Source "ChessBase"]
[SourceQuality "1"]

{[%evp 14,113,45,37,48,46,50,49,42,23,53,11,67,46,39,36,36,44,43,48,114,106,106,106,106,106,106,100,102,108,108,108,108,108,106,102,106,108,105,111,129,119,113,119,106,81,139,107,122,108,108,94,97,97,98,80,153,141,212,159,404,402,414,392,401,365,431,431,426,421,498,497,457,486,558,547,605,597,634,631,607,579,1060,1028,915,867,816,594,595,981,832,589,579,571,554,538,1209,1152,2133,1684,1235,1150]} 1. Nf3 d5 2. e3 Nf6 3. c4 c6 4. d4 a6 5. Bd3 Bg4 6. Nbd2 {D11: Slav Defence: 3 Nf3 sidelines and 3...Nf6 4 e3 Bg4} e6 7. O-O c5 8. cxd5 {LiveBook: 6 Games. White is slightly better.} Qxd5 9. e4 Qd8 10. e5 Nfd7 11. h3 $146 ({Predecessor:} 11. Qb3 Qb6 12. Qc4 Qb4 13. Qxb4 cxb4 {½-½ (47) Lautier,J (2680)-Bacrot,E (2725) Khanty-Mansiysk 2005}) 11... Bh5 12. Be4 {White wants to play d5.} Qc7 (12... cxd4 $11 13. Qa4 (13. Bxb7 Ra7 $11) 13... Nc6) 13. d5 exd5 $1 14. Bxd5 {[#] Threatens to win with Re1.} Nc6 15. Nc4 O-O-O $1 {[%cal Rc6e5]} 16. Bf4 $36 {[%mdl 2048] Hoping for g4. White is pushing.} Nf6 ({Black should play} 16... Nb6 $1 $14 17. Nd6+ Kb8) 17. Nd6+ Kb8 18. Bxc6 (18. exf6 Bxd6 19. Bxc6 (19. fxg7 Rhg8 $15) 19... Bxf4 $17) 18... Qxc6 19. exf6 Bxd6 20. Ne5 Bxd1 21. Nxc6+ bxc6 22. fxg7 Rhg8 23. Bxd6+ Rxd6 24. Raxd1 Kc7 25. Rxd6 Kxd6 $16 {[%mdl 4096] Endgame KR-KR} 26. Rd1+ Ke6 27. Re1+ Kd5 28. Re7 Rxg7 29. Kf1 Kc4 (29... c4 $142) 30. Rd7 a5 31. g3 a4 32. Ra7 Kd3 33. Rxa4 c4 34. Ra3+ Kd4 (34... Kc2 $142) 35. Rf3 Rg8 (35... f5 $16) 36. b3 c3 $2 {[#]} (36... cxb3 $16 37. axb3 Rf8 38. Rf4+ Ke5) 37. Ke2 $1 $18 Re8+ 38. Re3 Ra8 39. Rd3+ Ke4 40. a4 {White is clearly winning.} c2 41. Rc3 Rb8 {and the idea ...Rxb3 leaves Black hopeful.} 42. Kd2 Kd5 43. Kxc2 c5 44. Rf3 Rb7 45. Kc3 Ke4 46. Rf4+ Ke5 47. a5 {[%cal Ba4a5,Ba5a6][%mdl 32]} f5 48. a6 Ra7 49. Ra4 Kd5 50. Ra5 Kc6 51. Kc4 (51. b4 $142) 51... Kb6 52. Rxc5 f4 53. g4 Re7 54. Rf5 Re4+ 55. Kd3 {Threatening mate with Rf6+.} Rb4 56. Rf6+ Ka7 57. Kc3 {Accuracy: White = 73%, Black = 45%.} 1-0

[Event "RUS Rapid GP Top 16 2018"]
[Site "Khanty-Mansiysk"]
[Date "2018.12.02"]
[Round "8"]
[White "Yudin, Sergei"]
[Black "Sarana, Alexey"]
[Result "1/2-1/2"]
[WhiteElo "2643"]
[BlackElo "2617"]
[Annotator "TA"]
[PlyCount "22"]
[EventDate "2018.12.01"]
[EventType "swiss"]
[EventCountry "RUS"]
[SourceTitle "playchess.com"]
[Source "ChessBase"]
[SourceQuality "1"]

{[%evp 13,22,3,25,19,30,28,31,33,33,15,14]} 1. e4 c5 2. Nf3 d6 3. Bb5+ Nd7 4. d4 cxd4 5. Qxd4 a6 6. Bxd7+ Bxd7 7. Nc3 h6 {LiveBook: 4 Games. B51: Sicilian: Moscow Variation (3 Bb5+) without 3...Bd7} (7... e5 8. Qd3 Rc8 9. O-O Qc7 10. Rd1 Be6 11. a4 Nf6 12. Nd2 Be7 13. Nf1 Qc4 14. Ne3 Qxd3 15. Rxd3 Kd7 {½-½ (33) Xiong,J (2656)-Vachier Lagrave,M (2780) Douglas 2018}) 8. e5 {Be3 is the strong threat.} Bc6 9. exd6 Qxd6 10. Qxd6 exd6 11. O-O $146 ({Predecessor:} 11. Be3 Nf6 12. O-O-O O-O-O 13. Rhe1 Re8 14. Bd4 Ne4 15. Nd2 Nxc3 16. Rxe8+ Bxe8 17. Bxc3 {0-1 (37) Chernyshov,P (2199)-Kozlitin,O (2312) Tula 2014}) 11... Bxf3 1/2-1/2

[Event "RUS Rapid GP Top 16 2018"]
[Site "Khanty-Mansiysk"]
[Date "2018.12.02"]
[Round "8"]
[White "Iljiushenok, Ilia"]
[Black "Kabanov, Nikolai"]
[Result "1-0"]
[WhiteElo "2607"]
[BlackElo "2403"]
[Annotator "TA"]
[PlyCount "95"]
[EventDate "2018.12.01"]
[EventType "swiss"]
[EventCountry "RUS"]
[SourceTitle "playchess.com"]
[Source "ChessBase"]
[SourceQuality "1"]

{[%evp 18,95,46,41,45,47,51,41,48,49,48,47,42,47,70,76,92,94,113,118,119,119,116,110,108,107,109,105,167,164,162,165,170,149,150,128,128,150,141,139,164,196,183,177,166,153,231,239,221,198,198,194,380,389,376,290,365,371,372,360,365,351,344,120,385,385,488,486,1069,1077,997,1022,1351,1335,1316,1104,1189,1075,1480,1383]} 1. e4 c5 2. Nf3 d6 3. d4 cxd4 4. Nxd4 Nf6 5. Nc3 Nc6 6. Bg5 a6 7. Qd2 Nxd4 8. Qxd4 Qa5 {B60: Sicilian: Richter-Rauzer: Unusual Black 6th moves and 6...Bd7 without 7 Qd2} 9. f4 (9. Bd2 Qc7 10. Bc4 e6 11. a4 Be7 12. a5 Bd7 13. Na4 Bc6 14. Nb6 Rd8 15. f3 O-O 16. Bb3 {0-1 (74) Almasi,Z (2707)-Saric,I (2628) Bastia 2013}) 9... e5 10. Qd2 {LiveBook: 10 Games} exf4 {White is slightly better.} 11. Bxf6 gxf6 12. Qxf4 Be6 13. Bd3 ({Reject} 13. Qxf6 Rg8 $15) 13... Qe5 $146 ({Predecessor:} 13... Qc5 14. O-O-O Qg5 15. Nd5 Bxd5 16. Qxg5 fxg5 17. exd5 Bg7 18. h4 g4 19. h5 Be5 20. Rh4 g3 21. Rc4 O-O 22. Rc7 b5 {0-1 (22) Van der Veen,J-Zagorovsky,V France 1989}) 14. O-O Qxf4 15. Rxf4 Bh6 16. Rf3 O-O-O 17. Nd5 Bxd5 18. exd5 Bg5 19. g3 Rde8 20. Kf2 Re7 21. h4 Bh6 22. Re1 ({But not} 22. Rxf6 Bg7 $14) 22... Kd7 (22... Rxe1 $16 {might work better.} 23. Kxe1 Bc1) 23. Bf5+ $18 Kd8 24. Rxe7 Kxe7 {[%mdl 4096] Endgame KRB-KRB} 25. Rc3 Re8 26. Rc7+ Kf8 27. Rxb7 Re5 28. Bd3 Rxd5 29. Bxa6 Rd2+ 30. Kf3 Rxc2 31. a4 {[%cal Ba2a4,Ba4a5,Ba5a6][%mdl 32]} d5 (31... Rc5 $16 32. Bd3 Re5) 32. a5 Bc1 33. b4 {[%cal Bb2b4,Bb4b5][%mdl 32]} Rc3+ 34. Ke2 Be3 $2 (34... Rxg3 35. Bb5 Ra3) 35. Bd3 Bd4 36. b5 Ra3 37. a6 ({Less strong is} 37. Bxh7 Rxa5 38. Bf5 Ra2+ 39. Kd3 Be5 $14) 37... Ra2+ 38. Ke1 Ra1+ {[#]} 39. Kd2 $1 Ra2+ {[#]} 40. Kc1 $2 (40. Bc2 $1 $18 {and the rest is easy.}) 40... Ra3 $2 {[%mdl 8192]} (40... Ra1+ $16 41. Kc2 Kg7) 41. Kc2 Ra2+ 42. Kb3 {White is clearly winning.} Rd2 (42... Rb2+ $142 43. Ka3 Rd2) 43. Bxh7 Rb2+ 44. Ka3 Rg2 45. a7 Bc5+ 46. Kb3 Rxg3+ 47. Kc2 Rg2+ 48. Kc3 {Accuracy: White = 85%, Black = 48%.} 1-0

[Event "RUS Rapid GP Top 16 2018"]
[Site "Khanty-Mansiysk"]
[Date "2018.12.02"]
[Round "8"]
[White "Demidov, Mikhail"]
[Black "Kryakvin, Dmitry"]
[Result "1-0"]
[WhiteElo "2586"]
[BlackElo "2529"]
[Annotator "TA"]
[PlyCount "173"]
[EventDate "2018.12.01"]
[EventType "swiss"]
[EventCountry "RUS"]
[SourceTitle "playchess.com"]
[Source "ChessBase"]
[SourceQuality "1"]

{[%evp 18,173,29,11,25,27,18,20,22,26,24,25,30,28,12,28,37,29,29,0,0,0,0,0,0,0,0,0,0,0,0,0,0,0,0,0,0,0,11,12,25,25,19,28,55,29,29,22,15,0,47,10,28,0,74,70,58,66,58,12,22,14,19,37,40,40,88,40,40,36,47,50,89,78,84,70,78,50,50,50,50,50,50,50,50,40,40,40,40,40,40,40,40,40,40,0,0,0,8,0,0,0,0,0,0,0,8,8,8,8,8,8,72,72,72,72,1700,1414,12488,1391,546,352,29973,29967,29969,29970,29970,29973,29973,29974,29978,29979,29979,29980,29980,29981,29981,29979,29983,29984,29989,29981,29986,29982,29981,29973,29969,67,67,74,29974,29975,29981,29982,29982,29983,29983,29984]} 1. d4 d5 2. c4 c6 3. cxd5 cxd5 4. Nc3 Nf6 5. Nf3 Nc6 6. Bf4 Nh5 7. Be5 e6 8. e3 Be7 9. Bd3 O-O {D13: Slav Defence: Exchange variation without ...Bf5} 10. h3 {LiveBook: 4 Games} Qb6 $146 ({Predecessor:} 10... Nxe5 11. Nxe5 Nf6 12. O-O Nd7 13. Nxd7 Bxd7 14. Qb3 Bc6 15. Bb5 Qb6 16. Bxc6 Qxc6 17. Rfc1 {½-½ (30) Belov,V (2608)-Ivanchuk,V (2729) Kusadasi 2006}) 11. Qb1 g6 {White has an edge.} 12. Bh2 Bd7 13. O-O Rfc8 14. Rc1 Nf6 15. Na4 Qd8 16. Nc5 Nb4 17. Bf1 Ne4 {[%cal Re4c5]} 18. Nxd7 (18. a3 {looks sharper.} Nxc5 19. dxc5 Nc6 20. b4 Bf6 21. Ra2) 18... Qxd7 19. a3 {Threatens to win with Rxc8+.} Rxc1 20. Qxc1 {aiming for Ne5.} Rc8 21. Qd1 Nc6 22. Rc1 Bd6 23. Bxd6 Nxd6 24. Rc5 Ne4 25. Rc2 Ne7 26. Bd3 Rxc2 27. Qxc2 Nd6 28. Ne5 Qc8 29. Qc5 Qxc5 30. dxc5 $11 {[%mdl 4096] Endgame KBN-KNN} Ndc8 31. Bb5 f6 32. Nf3 e5 33. Bd7 a6 34. b4 Na7 35. a4 Nec6 (35... Kf7 $11) 36. Be6+ $16 {[%mdl 64] [#] Double Attack} Kf8 37. Bxd5 Ke7 38. g4 Nxb4 39. Bxb7 Nd3 40. Bxa6 Nxc5 {[%mdl 64] Double Attack} 41. Bb5 Kd6 42. Nd2 Nxb5 43. axb5 $14 {KN-KN} Nd7 44. Ne4+ Kd5 {[#]} 45. f3 $1 f5 46. gxf5 gxf5 47. Ng3 (47. Ng5 {feels hotter.} Nf6 48. Kf2 Kc5 49. Nf7 Kxb5 50. Nd6+) 47... f4 48. exf4 exf4 49. Ne2 Kc4 50. Nxf4 Kxb5 51. Kg2 Kc5 52. Kg3 Kd4 53. Nh5 Ke5 54. Kg4 Ke6 55. f4 {[%cal Bf3f4,Bf4f5][%mdl 32]} Nc5 56. f5+ Ke5 57. Ng3 Kf6 58. h4 Nd3 59. Ne4+ Ke5 60. Ng3 Kf6 61. Nh5+ Kf7 62. Kg5 {With the idea Ng3.} Ne5 63. Ng3 {Threatening Kh6.} Nf3+ 64. Kg4 Nd4 (64... Ne1 $1 $11 {keeps the balance.}) 65. Ne4 $16 Kg7 66. Kf4 h6 $2 {[%mdl 8192]} (66... Nc6 $16 67. Kg5 Nd4) 67. Nf2 $18 Nc6 68. Ng4 Nd4 69. Ke4 Nc6 $2 (69... Nb3 $18 70. h5 Nd2+ 71. Ke5 Nf3+ 72. Kd5 Kf7) 70. Kd5 h5 71. f6+ Kf8 72. Ne5 Nd8 73. Ke4 Nb7 74. Kf5 Nc5 75. Kg6 Kg8 76. Kxh5 Kh7 77. Kg5 Ne4+ 78. Kf5 Nc5 79. Nf7 Nb7 80. Ng5+ Kh6 81. Nf3 Nd8 82. Ne5 $2 (82. Ke5 {mates} Kg6 83. Nd4 Kh5 84. Kd6 Nf7+ 85. Ke6 Nh8 86. Nf3 Kh6 87. f7 Nxf7 88. Kxf7) 82... Kh5 $14 83. Ng6 Kh6 $2 {[%mdl 8192]} (83... Nf7 $16) 84. Nf4 {White mates.} Nb7 85. Ke6 Nd8+ 86. Kd7 Nf7 87. Ke7 {Accuracy: White = 61%, Black = 51%.} 1-0

[Event "RUS Rapid GP Top 16 2018"]
[Site "Khanty-Mansiysk"]
[Date "2018.12.02"]
[Round "8"]
[White "Shuvalova, Polina"]
[Black "Sjugirov, Sanan"]
[Result "0-1"]
[WhiteElo "2411"]
[BlackElo "2722"]
[Annotator "TA"]
[PlyCount "60"]
[EventDate "2018.12.01"]
[EventType "swiss"]
[EventCountry "RUS"]
[SourceTitle "playchess.com"]
[Source "ChessBase"]
[SourceQuality "1"]

{[%evp 19,60,0,14,26,16,5,20,17,13,16,26,25,37,43,38,7,81,78,89,6,4,8,13,0,0,0,53,0,0,0,0,0,0,0,0,-87,0,-160,-151,-179,-196,-1877,-1636]} 1. e4 c5 2. Nf3 e6 3. c3 Nf6 4. e5 Nd5 5. d4 cxd4 6. cxd4 d6 7. Bc4 Be7 8. O-O O-O 9. Qe2 Nc6 10. a3 b6 {LiveBook: 9 Games. B22: Sicilian: 2 c3} (10... Bd7 11. exd6 Bxd6 12. Nc3 Nce7 13. Ne4 Bc6 14. Ne5 Rc8 15. Rd1 Bb8 16. Ng5 Be8 17. Bd3 Nf6 18. Ngf3 Ned5 19. Bd2 a6 20. Rac1 Rxc1 21. Rxc1 Qb6 22. Nc4 Qd8 23. Nce5 Qb6 24. Nc4 Qd8 {½-½ (24) Vachier Lagrave,M (2789)-Caruana,F (2816) Leuven 2018}) 11. Rd1 Bb7 12. Bxd5 $146 ({Predecessor:} 12. Bd2 Rc8 13. Nc3 Na5 14. Ba2 Nxc3 15. Bxc3 a6 16. d5 exd5 17. Bxd5 Bxd5 18. Rxd5 {1-0 (69) Prizant,M (2140)-Bolt,G (2111) Sunningdale 2007}) 12... exd5 {The position is equal.} 13. Nc3 dxe5 14. dxe5 d4 {[#]} 15. Be3 $1 {[%cal Re3d4][%mdl 512]} Qc8 (15... dxe3 16. Rxd8) 16. Bxd4 Na5 17. Rac1 {Strongly threatening Nd5!} Qf5 (17... Nb3 $11) 18. Nb5 $16 Rfd8 19. Bc3 ({White should play} 19. Rc7 $16 {And now b4 would win.} Bxf3 20. Qxf3 (20. gxf3 Nb3 $14) 20... Qxf3 21. gxf3) 19... Nb3 $11 20. Rxd8+ Rxd8 21. Rd1 Rxd1+ 22. Qxd1 Nc5 (22... Bxf3 $1 $11 23. gxf3 Nc5) 23. Nxa7 (23. Nd6 $14 Bxd6 24. exd6 (24. Qxd6 h6 $14)) 23... Bxf3 24. gxf3 Nd3 25. Nc6 Bh4 26. e6 fxe6 27. Kf1 {[#]} (27. Bd4 $11 {keeps the balance.}) 27... Nf4 $40 {[%mdl 128] Black is up to no good.} (27... Qh3+ $1 $17 28. Ke2 Nf4+ 29. Ke3 Nd5+ 30. Ke2 Qxh2) 28. Be5 $2 (28. Ne5 $11) 28... Qh3+ $17 {[%mdl 64] Double Attack} 29. Ke1 Qxh2 {[%csl Gh4][%cal Rh2f2]} 30. Qd4 $2 {[#]} (30. Kd2) 30... Bxf2+ $1 {[%mdl 576] Decoy. Accuracy: White = 43%, Black = 47%.} 0-1

[Event "RUS Rapid GP Top 16 2018"]
[Site "Khanty-Mansiysk"]
[Date "2018.12.02"]
[Round "8"]
[White "Maltsevskaya, Aleksandra"]
[Black "Ponkratov, Pavel"]
[Result "0-1"]
[WhiteElo "2247"]
[BlackElo "2658"]
[Annotator "TA"]
[PlyCount "92"]
[EventDate "2018.12.01"]
[EventType "swiss"]
[EventCountry "RUS"]
[SourceTitle "playchess.com"]
[Source "ChessBase"]
[SourceQuality "1"]

{[%evp 18,92,0,-26,140,123,141,142,102,116,134,122,120,88,94,80,88,88,75,0,72,62,29,0,92,13,168,158,160,161,153,167,216,212,208,207,200,194,179,187,149,108,191,120,144,144,113,20,20,38,117,112,105,108,96,90,91,0,0,0,2,0,0,0,0,0,0,0,0,-17,-17,-32,-30,-314,-304,-29982,-29983]} 1. e4 e6 2. d4 d5 3. Nc3 Bb4 4. e5 c5 5. Bd2 Ne7 6. dxc5 Nbc6 7. Qg4 O-O 8. Nf3 Ng6 {C17: French: 3 Nc3 Bb4 4 e5 c5 sidelines} 9. O-O-O (9. Bd3 Qc7 10. O-O Ngxe5 11. Bxh7+ Kxh7 12. Qh5+ Kg8 13. Ng5 Re8 14. Qh7+ Kf8 15. Qh8+ Ke7 16. Qxg7 {0-1 (47) Voitsekhovsky,S (2523)-Ponkratov,P (2605) Ekaterinburg 2013}) 9... Bxc5 10. Qh5 {LiveBook: 21 Games} f6 $2 (10... Qc7 $11) 11. exf6 $16 gxf6 12. Bd3 Nce7 $146 ({Predecessor:} 12... Rf7 13. Bxg6 hxg6 14. Qxg6+ Rg7 15. Qh5 Rh7 16. Bh6 Bd7 17. h4 Bxf2 18. Rd2 {½-½ (18) Ivkov,B-Uhlmann,W Wageningen 1957}) 13. Nh4 $1 {[%cal Rh4g6]} Qe8 14. f4 Qf7 15. Rhf1 {[%cal Bh1f1,Bf1f3,Bf3g3][%mdl 32]} Bd7 16. Rf3 Ne5 17. Rg3+ Kh8 18. Qxf7 (18. Qxh7+ $16 Qxh7 19. Bxh7) 18... Nxd3+ (18... Nxf7 $11 19. Nf3 Nd6) 19. Rxd3 Rxf7 20. Be3 b6 (20... Bd6 $11) 21. f5 (21. Bxc5 $1 $16 bxc5 22. f5 $1 {[%mdl 512]}) 21... e5 $2 (21... Bxe3+ $11 {and Black stays safe.} 22. Rxe3 e5) 22. Bxc5 $18 bxc5 23. Nxd5 {aiming for Nc7.} Nxf5 24. Nc7 {[%mdl 64] Discovered Attack} Rg8 {White must now prevent ...Bc8.} 25. Rxd7 Rxd7 26. Rxd7 Nxh4 {[%mdl 4096] Endgame KRN-KRN} 27. g3 Nf3 28. Nd5 Rf8 29. h4 f5 {[#]} (29... a5 $16 30. Ra7 a4) 30. Rxa7 (30. h5 $1 $18) 30... f4 $16 31. gxf4 exf4 {[#]} 32. Ra4 (32. h5 $1 $16) 32... Nd4 $1 $11 33. c3 Ne2+ ({Black should try} 33... f3 $1 $14 34. cxd4 f2) 34. Kd2 $16 f3 {Threatens to win with ...f2.} 35. Ne3 Nf4 36. Re4 Rd8+ 37. Ke1 (37. Kc2 $16 Ng2 38. Ng4) 37... Nd3+ $11 38. Kf1 Ra8 39. a4 (39. Nf5 {is interesting.} Kg8 40. Re3 Nxb2 41. Rxf3 Rxa2 42. Kf2) 39... Nxb2 40. Kf2 Nxa4 41. Nd5 Rd8 42. c4 Nb2 43. Ne3 Rf8 44. Re7 Nd3+ 45. Kf1 $2 {[%mdl 8192]} (45. Kg3 $1 $11 {and White is okay.}) 45... Ra8 {( -> ...Ra1+)} 46. Nd1 $2 (46. Kg1 $19) 46... Ra1 {Accuracy: White = 46%, Black = 60%.} 0-1